000 00809nam a22002057a 4500
999 _c8222
_d8222
003 AR-CdUCM
008 190322b ||||| |||| 00| 0 spa d
040 _aMUNICIPALIDAD PROVINCIAL DEL CUSCO
_cBIBLIOTECA MUNICIPAL DEL CUSCO
082 _22ed.
_a657 /
_bB74
100 _aBoter Mauri, Fernando
_914834
245 _aTeoría general de a contabilidad administrativa /
260 _aBarcelona :
_bJuventud,
_c1958.
300 _a286 paginas ;
_bCuadros,
_c22 cm.
505 _aContenido : Principios y definiciones generales -- La contabilidad administrativa -- El presupuesto -- La contabilidad del presupuesto -- La cuenta de caja...
650 _aContabilidad de patrimonio
_923156
650 _aAdministración
_922924
650 _aPartida presupuestaria
_923157
942 _2ddc
_cLIBROS
945 _awnts